Loading...

Introduction to population ecology

Bibliographic Details
Main Author: Rockwood Larry L
Format: Printed Book
Published: New Delhi Wiley 2014
Subjects:
LEADER 00680nam a22002057a 4500
003 OSt
020 |a 9788126549719 
082 |a 577.88  |b ROC/IN 
100 |a Rockwood Larry L 
245 |a Introduction to population ecology 
260 |a New Delhi  |b Wiley  |c 2014 
300 |a ix, 339 Pages 
650 |a Density-independent growth 
650 |a Population regulation 
650 |a Metapopulation ecology 
650 |a Mutalism 
650 |a Plant-herbivore interactions 
942 |2 ddc  |c BK 
999 |c 141851  |d 141851 
952 |0 0  |1 0  |2 ddc  |4 0  |6 577_880000000000000_ROCIN  |7 0  |9 140774  |a KAUCLV  |b KAUCLV  |c GENERAL  |d 2015-11-07  |g 3595.00  |l 1  |o 577.88 ROC/IN  |p 224986  |r 2016-11-09  |s 2016-09-24  |w 2015-11-07  |y BK